[Event "Open d'Aubagne 2018-2019"]
[Site "Aubagne"]
[Date "2019.03.23"]
[Round "9.26"]
[White "Prasant, Krishnan"]
[Black "Bhutra, Patricia"]
[Result "1-0"]
[WhiteElo "1260"]
[BlackElo "1010"]
[PlyCount "115"]
[EventDate "2018.??.??"]
[WhiteTeam "Cassis Echecs"]
[BlackTeam "Club Provence Echecs"]

1. d4 d6 2. c4 Nf6 3. Nf3 c6 4. g3 Nbd7 5. Bg2 h6 6. O-O e5 7. dxe5 dxe5 8. Nc3
Qc7 9. Nd2 Be7 10. Qc2 O-O 11. Nde4 b6 12. Nxf6+ Bxf6 13. Nb5 Qd8 14. Bxc6 Rb8
15. Rd1 a6 16. Nd6 Bg5 17. Nxc8 Rxc8 18. Bxd7 Rc7 19. Bf5 Qe7 20. Qa4 b5 21.
cxb5 axb5 22. Qxb5 Rc5 23. Qd7 Qxd7 24. Bxd7 Bxc1 25. Raxc1 Rxc1 26. Rxc1 Ra8
27. Rc8+ Rxc8 28. Bxc8 Kf8 29. a4 Ke8 30. a5 Kd8 31. Bb7 Kc7 32. a6 Kb8 33. Kg2
g5 34. Kf3 f5 35. Ke3 f4+ 36. gxf4 exf4+ 37. Ke4 h5 38. Kf5 f3 39. exf3 g4 40.
fxg4 hxg4 41. Kxg4 Ka7 42. f4 Kb8 43. f5 Kc7 44. f6 Kd7 45. a7 Ke6 46. a8=Q
Kxf6 47. Qf8+ Ke5 48. Qf7 Kd4 49. Qe6 Kd3 50. Qe5 Kc2 51. Qe3 Kxb2 52. Qd3 Ka2
53. Qb5 Ka3 54. Kf3 Ka2 55. Ke3 Ka3 56. Kd3 Ka2 57. Kc2 Ka1 58. Qb1# 1-0

[Event "Open d'Aubagne 2018-2019"]
[Site "Aubagne"]
[Date "2019.03.23"]
[Round "9.27"]
[White "Lognos, Lina"]
[Black "Biglia, Michel"]
[Result "0-1"]
[WhiteElo "1009"]
[BlackElo "1238"]
[PlyCount "88"]
[EventDate "2018.??.??"]
[WhiteTeam "Cercle d'Echecs Aubagnais"]
[BlackTeam "Cercle d'Echecs Aubagnais"]

1. c4 d6 2. d4 g6 3. Nc3 Bg7 4. Nf3 h6 5. e4 Be6 6. b3 Nf6 7. h3 O-O 8. Bb2 Na6
9. d5 Bd7 10. Bd3 c6 11. a3 Nc5 12. O-O Nxd3 13. Qxd3 Rb8 14. Rfe1 c5 15. e5
Nh5 16. exd6 exd6 17. Qd2 Qa5 18. Re7 Rbd8 19. Ree1 Rfe8 20. Rxe8+ Rxe8 21. a4
g5 22. Re1 Rxe1+ 23. Nxe1 Bf5 24. g4 Bg6 25. gxh5 Bxh5 26. Qe3 Kf8 27. Qd2 f5
28. Nf3 Bxf3 29. Qc1 Qb4 30. Nb5 Bxb2 31. Qe3 Be4 32. Nxd6 Bd4 33. Qe2 Qxb3 34.
Nxe4 Qb1+ 35. Kg2 Qxe4+ 36. Qf3 Qxf3+ 37. Kxf3 Ke7 38. Ke2 Kd7 39. Kf3 a6 40.
Kg3 Be5+ 41. Kf3 b5 42. cxb5 axb5 43. axb5 Kc7 44. Ke3 Kb6 0-1

[Event "Open d'Aubagne 2018-2019"]
[Site "Aubagne"]
[Date "2019.03.23"]
[Round "9.28"]
[White "Bartolini, Manuela"]
[Black "Garbe, Georges"]
[Result "0-1"]
[WhiteElo "1061"]
[BlackElo "1203"]
[PlyCount "141"]
[EventDate "2018.??.??"]
[WhiteTeam "Cercle d'Echecs Aubagnais"]
[BlackTeam "Cercle d'Echecs Aubagnais"]

1. d4 f5 2. Bf4 Nf6 3. Nf3 Nc6 4. c3 d6 5. h3 h6 6. e3 Nd5 7. Bh2 Nf6 8. Nbd2
d5 9. Bd3 e6 10. Ne5 Nxe5 11. dxe5 Nd7 12. Qh5+ Ke7 13. f4 Qe8 14. Qh4+ Kf7 15.
Qf2 Kg8 16. Nb3 b6 17. Nd4 Nc5 18. Bc2 Qe7 19. b4 Ne4 20. Bxe4 dxe4 21. O-O Qf7
22. a3 Bd7 23. Rfd1 Rd8 24. Nc6 Ra8 25. b5 a5 26. c4 Kh7 27. Rd2 Bc5 28. Qe2
Bxc6 29. bxc6 Rhd8 30. Kh1 Qe8 31. Rxd8 Rxd8 32. Bg1 Qxc6 33. h4 Qe8 34. g4
fxg4 35. Qxg4 Qg6 36. Qxg6+ Kxg6 37. Bf2 a4 38. Kg2 Rd2 39. Kg3 Kh5 40. Be1 Rd3
41. Bf2 Be7 42. f5 exf5 43. Kf4 Rd2 44. Kg3 Bxh4+ 45. Kg2 Rxf2+ 46. Kh1 Rd2 47.
Rb1 Kg4 48. c5 bxc5 49. Rb7 Kg3 50. Rb1 Bg5 51. Ra1 Kh3 52. Re1 Rh2+ 53. Kg1
Bh4 54. Rf1 g5 55. Rxf5 g4 56. e6 Kg3 57. Rf7 Rg2+ 58. Kh1 Rh2+ 59. Kg1 Rd2 60.
Rf1 Be7 61. Re1 h5 62. Kf1 h4 63. Re2 Rxe2 64. Kxe2 Kg2 65. Kd2 h3 66. Kc3 h2
67. Kc4 h1=Q 68. Kd5 Qd1+ 69. Kxe4 Qf3+ 70. Kd3 Kf2 71. Kc4 0-1

[Event "Open d'Aubagne 2018-2019"]
[Site "Aubagne"]
[Date "2019.03.23"]
[Round "9.29"]
[White "Cayrou, Manon"]
[Black "Deroual, Alexandre"]
[Result "1-0"]
[WhiteElo "1166"]
[BlackElo "1058"]
[PlyCount "25"]
[EventDate "2018.??.??"]
[WhiteTeam "Marseille-Echecs"]
[BlackTeam "La Ciotat Echecs (LCE)"]

1. e4 g6 2. d4 Bg7 3. Nf3 b6 4. Bc4 Bb7 5. Nc3 c5 6. O-O e6 7. e5 cxd4 8. Qxd4
Nc6 9. Qf4 Qc7 10. Re1 Nce7 11. Nb5 Qd8 12. Nd6+ Kf8 13. Qxf7# 1-0

[Event "Open d'Aubagne 2018-2019"]
[Site "Aubagne"]
[Date "2019.03.23"]
[Round "9.30"]
[White "Masson, Wally"]
[Black "Pegon, Claude"]
[Result "1-0"]
[WhiteElo "1169"]
[BlackElo "1076"]
[PlyCount "79"]
[EventDate "2018.??.??"]
[WhiteTeam "Cercle d'Echecs Aubagnais"]
[BlackTeam "Cassis Echecs"]

1. e4 c5 2. Bc4 e6 3. Nc3 d6 4. Nf3 Nf6 5. O-O a6 6. d4 b6 7. Bg5 h6 8. Bh4 g5
9. Bg3 Bg7 10. e5 Nh5 11. d5 Nxg3 12. fxg3 O-O 13. exd6 e5 14. Ne4 f5 15. Nc3
Qxd6 16. h4 g4 17. Ne1 Bd7 18. Nd3 b5 19. b4 cxb4 20. Ne4 fxe4 21. Rxf8+ Bxf8
22. Bb3 exd3 23. Qxd3 a5 24. c4 Qc5+ 25. Kh2 bxc4 26. Qg6+ Bg7 27. Bc2 Kf8 28.
Rf1+ Ke7 29. Qxg7+ Kd6 30. Qg6+ Ke7 31. Qe4 Qd4 32. d6+ Kxd6 33. Rd1 Bc6 34.
Rxd4+ exd4 35. Qxd4+ Bd5 36. Be4 c3 37. Qxd5+ Kc7 38. Qxa8 Nd7 39. Qxa5+ Kb8
40. Qxb4+ 1-0

[Event "Open d'Aubagne 2018-2019"]
[Site "Aubagne"]
[Date "2019.03.23"]
[Round "9.31"]
[White "Rescanieres, Alice"]
[Black "Turpin, Isabelle"]
[Result "1-0"]
[WhiteElo "1020"]
[BlackElo "1167"]
[PlyCount "113"]
[EventDate "2018.??.??"]
[WhiteTeam "La Ciotat Echecs (LCE)"]
[BlackTeam "Cercle d'Echecs Aubagnais"]

1. b3 Nf6 2. Bb2 g6 3. e4 d6 4. Nf3 Bg4 5. h3 Bxf3 6. Qxf3 e5 7. d4 Qe7 8. Bc4
Nbd7 9. O-O O-O-O 10. Ba3 Bg7 11. dxe5 Qxe5 12. Nd2 h5 13. Qe3 b6 14. Ba6+ Kb8
15. Nc4 Qe6 16. Qf3 Nxe4 17. Nd2 Ndc5 18. Bxc5 Bxa1 19. Nxe4 d5 20. Ng5 Qd7 21.
Nxf7 Rdf8 22. Bxf8 Rxf8 23. Rxa1 Rxf7 24. Qc3 d4 25. Qb4 c5 26. Qb5 Qf5 27.
Qe8+ Kc7 28. f3 Qf6 29. Qc8+ Kd6 30. Qb8+ Kc6 31. Qe8+ Kc7 32. Re1 d3 33. Bc4
Qd4+ 34. Kh1 Rd7 35. Qe5+ Qxe5 36. Rxe5 d2 37. Be2 Kd6 38. Re3 b5 39. Rd3+ Ke6
40. Rxd7 Kxd7 41. Bxb5+ Kd6 42. Be2 Kd5 43. Kg1 Kd4 44. Kf2 Kc3 45. Bd1 a5 46.
a4 g5 47. g3 Kb2 48. Ke2 Kc3 49. f4 g4 50. hxg4 hxg4 51. f5 c4 52. f6 cxb3 53.
cxb3 Kb2 54. f7 Kc1 55. f8=Q Kb1 56. Qf5+ Kc1 57. Qc2# 1-0

[Event "Open d'Aubagne 2018-2019"]
[Site "Aubagne"]
[Date "2019.03.23"]
[Round "9.32"]
[White "Timoner, Genevieve"]
[Black "Madi, Walid"]
[Result "0-1"]
[WhiteElo "1009"]
[BlackElo "1102"]
[PlyCount "140"]
[EventDate "2018.??.??"]
[WhiteTeam "Club d'Echecs Pennois (CEP)"]
[BlackTeam "La Ciotat Echecs (LCE)"]

1. c4 c5 2. Nc3 Nc6 3. g3 Nf6 4. Bg2 g6 5. e3 Bg7 6. Nge2 d6 7. O-O O-O 8. a3
Rb8 9. d4 Bg4 10. d5 Na5 11. b3 Bxe2 12. Nxe2 Nxd5 13. Rb1 Nc3 14. Nxc3 Bxc3
15. Qc2 Bg7 16. Bb2 Qb6 17. Bxg7 Kxg7 18. Rfd1 Qc7 19. Bd5 e6 20. Bg2 Nc6 21.
e4 Rbd8 22. Rd3 Ne5 23. Qc3 Kg8 24. Rd2 Rd7 25. Rbd1 Rfd8 26. f4 Nc6 27. Re1
Re8 28. e5 dxe5 29. fxe5 Rxd2 30. Qxd2 Nxe5 31. Re4 Kg7 32. Rh4 Kf8 33. Qh6+
Ke7 34. Qxh7 Qd7 35. Rf4 Qd1+ 36. Bf1 Qxb3 37. Qg7 Qe3+ 38. Rf2 Nf3+ 39. Kg2
Ne5 40. Re2 Qf3+ 41. Kg1 Qf6 42. Qxf6+ Kxf6 43. Bg2 Nxc4 44. Bxb7 Nxa3 45. Ba6
c4 46. Re1 Rd8 47. Rc1 Rd4 48. Kf2 e5 49. Rc3 Nb1 50. Rxc4 Rxc4 51. Bxc4 a5 52.
Bb3 Nc3 53. Ke3 a4 54. Bc4 a3 55. Kd2 a2 56. Bxa2 Nxa2 57. Ke3 Nc3 58. h4 Nd5+
59. Ke4 Ke6 60. g4 Nf6+ 61. Kf3 Nxg4 62. Kxg4 f5+ 63. Kf3 Kf6 64. Ke3 g5 65.
hxg5+ Kxg5 66. Kf3 e4+ 67. Ke3 Kg4 68. Ke2 f4 69. Kf2 e3+ 70. Ke2 Kg3 0-1

[Event "Open d'Aubagne 2018-2019"]
[Site "Aubagne"]
[Date "2019.03.23"]
[Round "9.33"]
[White "Salvi, Angele"]
[Black "De Laurentis, Pierre"]
[Result "0-1"]
[WhiteElo "1049"]
[BlackElo "1020"]
[PlyCount "80"]
[EventDate "2018.??.??"]
[WhiteTeam "La Ciotat Echecs (LCE)"]
[BlackTeam "Cassis Echecs"]

1. e4 d6 2. Nc3 Nf6 3. d4 g6 4. Nf3 Bg7 5. Be2 O-O 6. h3 c6 7. Be3 Re8 8. Qd2
b6 9. O-O-O e5 10. d5 c5 11. Bb5 Re7 12. Bg5 a6 13. Bc4 b5 14. Be2 Rb7 15. Qe3
Qf8 16. a3 h6 17. Bxf6 Bxf6 18. Nh2 Bg5 19. f4 Bxf4 20. Qxf4 exf4 21. Bf3 b4
22. axb4 cxb4 23. Nb1 Bd7 24. Rd2 Qc8 25. Ng4 Kh7 26. Nf2 Ba4 27. b3 Bxb3 28.
Bd1 Ba4 29. Kb2 Raa7 30. Nd3 Qc4 31. Nxf4 Qxe4 32. Rf1 Qe5+ 33. Kc1 Bb5 34.
Rff2 Rc7 35. Nd3 Qg7 36. Nxb4 a5 37. Na2 Bc4 38. Nac3 Rcb7 39. Rf4 Rb4 40. Ne4
Qb2# 0-1

[Event "Open d'Aubagne 2018-2019"]
[Site "Aubagne"]
[Date "2019.03.23"]
[Round "9.34"]
[White "Lopez, Marcel"]
[Black "Meyselle, Jean-Noel"]
[Result "0-1"]
[WhiteElo "1399"]
[BlackElo "1399"]
[PlyCount "76"]
[EventDate "2018.??.??"]
[WhiteTeam "Cassis Echecs"]
[BlackTeam "Cercle d'Echecs Aubagnais"]

1. d4 d5 2. Nf3 e6 3. c3 Be7 4. g3 Nf6 5. Bg2 O-O 6. O-O Nc6 7. Nbd2 b5 8. b4
Bb7 9. Nb3 Rb8 10. Qc2 h6 11. Rd1 Bd6 12. Rb1 Re8 13. Nc5 Bxc5 14. bxc5 e5 15.
Rxb5 e4 16. Ne5 Nxe5 17. dxe5 Rxe5 18. Bf4 Re8 19. Bh3 Nh5 20. Be3 Bc6 21. Ra5
Rb7 22. Rb1 Qb8 23. Rb4 Qa8 24. Ra3 Reb8 25. Rxb7 Rxb7 26. Rb3 Ba4 27. Bg4 Bxb3
28. axb3 Nf6 29. Bf5 a5 30. Bc1 Qb8 31. b4 axb4 32. c4 c6 33. Qa4 b3 34. Qxc6
Qa8 35. Qc8+ Qxc8 36. Bxc8 b2 37. Bxb7 b1=Q 38. Kg2 Qxb7 0-1

[Event "Open d'Aubagne 2018-2019"]
[Site "Aubagne"]
[Date "2019.03.23"]
[Round "9.35"]
[White "Rieu, Jean"]
[Black "Burnel, Marie-France"]
[Result "1-0"]
[WhiteElo "1161"]
[BlackElo "1021"]
[PlyCount "45"]
[EventDate "2018.??.??"]
[WhiteTeam "U.S.C.M."]
[BlackTeam "Cercle d'Echecs Aubagnais"]

1. Nf3 d5 2. d4 Nc6 3. Nc3 Nf6 4. Bf4 a6 5. e3 Nh5 6. Be5 Bg4 7. Be2 f6 8. Bf4
g5 9. Bg3 Nxg3 10. hxg3 Qd7 11. Nh2 Bxe2 12. Qxe2 O-O-O 13. Na4 e6 14. Ng4 Bb4+
15. c3 Ba5 16. Nc5 Qe7 17. Rh6 Rdf8 18. Rb1 e5 19. b4 Bb6 20. b5 Na7 21. bxa6
bxa6 22. Qxa6+ Kb8 23. Qb7# 1-0

[Event "Open d'Aubagne 2018-2019"]
[Site "Aubagne"]
[Date "2019.03.23"]
[Round "9.36"]
[White "Cayrou, Kylian"]
[Black "Periale, Francine"]
[Result "1-0"]
[WhiteElo "1020"]
[BlackElo "1038"]
[PlyCount "82"]
[EventDate "2018.??.??"]
[WhiteTeam "Marseille-Echecs"]
[BlackTeam "Cercle d'Echecs Aubagnais"]

1. e4 c5 2. Nc3 Nc6 3. Nf3 g6 4. d4 cxd4 5. Nxd4 Bg7 6. Nxc6 bxc6 7. Bc4 e6 8.
O-O Bb7 9. Bf4 Ne7 10. Bd6 Nc8 11. Bc5 d6 12. Bd4 Bxd4 13. Qxd4 Kd7 14. e5 Ke7
15. Qh4+ Kd7 16. Qxd8+ Rxd8 17. Rad1 d5 18. h3 Ke7 19. Be2 Nb6 20. Rfe1 c5 21.
Bf3 a6 22. b3 Rac8 23. Na4 Nxa4 24. bxa4 h6 25. c4 Bc6 26. cxd5 exd5 27. Bg4
Rb8 28. e6 Rd6 29. exf7+ Kxf7 30. Rc1 c4 31. Bd1 Rb2 32. Rc2 Rb1 33. Rce2 Rb8
34. Re7+ Kf8 35. R1e6 Rxe6 36. Rxe6 Bd7 37. Rxg6 Rb6 38. Rxb6 c3 39. Rxh6 d4
40. Rd6 Ke7 41. Rxd4 Ke6 1-0

[Event "Open d'Aubagne 2018-2019"]
[Site "Aubagne"]
[Date "2019.03.23"]
[Round "9.37"]
[White "Couillaud, Gabriel"]
[Black "Bhutra, Richard"]
[Result "1/2-1/2"]
[WhiteElo "1144"]
[BlackElo "1010"]
[PlyCount "109"]
[EventDate "2018.??.??"]
[WhiteTeam "L'Echiquier du Roy René"]
[BlackTeam "Club Provence Echecs"]

1. e4 e5 2. Nf3 Nc6 3. Bc4 Nf6 4. Ng5 Qe7 5. Bxf7+ Kd8 6. Bc4 Ng4 7. Qxg4 d5 8.
Qh5 dxc4 9. Nf7+ Kd7 10. Nxh8 g6 11. Qf3 Bg7 12. Nf7 Nd4 13. Qc3 Qxf7 14. d3
Nb5 15. Qxc4 Qxc4 16. dxc4 Nd4 17. Na3 Bf8 18. O-O Bxa3 19. bxa3 Ne2+ 20. Kh1
b6 21. Rd1+ Nd4 22. c3 Ke6 23. cxd4 exd4 24. Rxd4 Bb7 25. Bf4 Rf8 26. e5 g5 27.
Bg3 Kf5 28. Re1 h5 29. Re3 h4 30. Rf3+ Bxf3 31. gxf3 hxg3 32. hxg3 Kxe5 33.
Re4+ Kd6 34. f4 gxf4 35. gxf4 Rf6 36. Kg2 Re6 37. f3 Rxe4 38. fxe4 c6 39. Kg3
b5 40. cxb5 c5 41. e5+ Kd5 42. f5 Kxe5 43. Kg4 c4 44. a4 Kf6 45. a5 c3 46. b6
c2 47. bxa7 c1=Q 48. a8=Q Qg5+ 49. Kf3 Qxf5+ 50. Ke2 Qc2+ 51. Ke3 Qc5+ 52. Kf4
Qc4+ 53. Qe4 Qc7+ 54. Kf3 Qxa5 55. Kf4 1/2-1/2

[Event "Open d'Aubagne 2018-2019"]
[Site "Aubagne"]
[Date "2019.03.23"]
[Round "9.38"]
[White "Catanese, Sauveur"]
[Black "Roganova, Maxime"]
[Result "1-0"]
[WhiteElo "1018"]
[BlackElo "1009"]
[PlyCount "67"]
[EventDate "2018.??.??"]
[WhiteTeam "Cercle d'Echecs Aubagnais"]
[BlackTeam "Cercle d'Echecs Aubagnais"]

1. d4 Nf6 2. c4 g6 3. Nc3 Bg7 4. e4 O-O 5. Nf3 b6 6. Bd3 Bb7 7. O-O d6 8. d5 e6
9. dxe6 fxe6 10. Bg5 d5 11. cxd5 exd5 12. e5 h6 13. Bxf6 Bxf6 14. exf6 Qxf6 15.
Qb3 Qf7 16. Ne5 Qe6 17. Rfe1 Nd7 18. Nxg6 Qf7 19. Nxf8 Rxf8 20. f3 Nc5 21. Qc2
Qg7 22. Rf1 d4 23. Nb5 Bxf3 24. Nxd4 Qxd4+ 25. Qf2 Qxf2+ 26. Rxf2 Bxg2 27. Bc4+
Kg7 28. Rxg2+ Kh7 29. Rf1 Rxf1+ 30. Kxf1 Ne4 31. Re2 Nf6 32. Re7+ Kg6 33. Rxc7
Ne4 34. Bd3 1-0

[Event "Open d'Aubagne 2018-2019"]
[Site "Aubagne"]
[Date "2019.03.23"]
[Round "9.39"]
[White "Belaid, Myriam"]
[Black "Pignol, Jeanne"]
[Result "1/2-1/2"]
[WhiteElo "1040"]
[BlackElo "1020"]
[PlyCount "37"]
[EventDate "2018.??.??"]
[WhiteTeam "Club Provence Echecs"]
[BlackTeam "Cercle d'Echecs Aubagnais"]

1. d4 d5 2. Nf3 e6 3. e3 Be7 4. Bd3 Nf6 5. O-O c5 6. c3 Nc6 7. e4 O-O 8. Be3
dxe4 9. Bc2 exf3 10. Qxf3 b6 11. Nd2 cxd4 12. Bg5 Bb7 13. c4 Qb8 14. Rad1 Ne5
15. Qh3 Nc6 16. Nb3 Rd8 17. Rd3 Nb4 18. Bxf6 Nxd3 19. Bxe7 1/2-1/2